Quizz Réponds au blagues. - Statistiques

Statistiques générales
  • Ce quiz a été pris 924 fois
  • Le résultat moyen est 5 sur 15
Statistiques - réponses
Blagues suites % Correct
t'as une tache, pistache
99%
deux patates traverses la route une se fait écraser purée
78%
quoi ? feur
67%
comment appelle-t-on une chauve-souris avec une perruque ? une souris
48%
avec quoi ramasse-t-on une papaye ? avec une foufourchette
29%
une dame et son chien prennent une douche le chienpète la dame meurt, quel est la race de son chien ? un Pékinois
25%
Que fait un crocodile quand il rencontre une belle femelle ? il Lacoste
23%
pourquoi peint-on un chat pour NOËL ? pour faire un chapeint Noel
21%
pourquoi les canards sont toujours a l'heure ? car ils sont dans l'étang
17%
une imprimante tombe à l'eau, j'ai pas pieds
13%
dark valor rentre dans une boulangerie, pain pain pain tarte tatin
13%
quel est le pays le plus drôle du monde ? le Yemen yeah man
10%
tu connais l'histoire de la feuille ? elle déchire
9%
où s'assoit un bourré ? sur un ta-bourré
5%
que dit-on a l'enterrement d'un comptable ? il comptait beaucoup pour les gens
4%
Aucun quiz correspondant
Distribution des résultats
% des personnes avec chaque résultat
Percentile par nombre de réponses
Votre historique - résultats
Vous n’avez pas pris ce quiz